Sports Quiz

Random Sports or Soccer Quiz
Score 0/43 Timer 10:00
0 Plays Today
Equipe Joueur % Correct
FranceFabien Barthez
97.2%
FranceZinedine Zidane
94.8%
FranceThierry Henry
91%
FranceLaurent Blanc
90%
FranceDavid Trezeguet
89.5%
FranceBixente Lizarazu
89.5%
FranceLilian Thuram
88.4%
FranceDidier Deschamps
82.4%
FranceMarcel Desailly
82.4%
FranceSylvain Wiltord
80.1%
FranceRobert Pirès
76.4%
FranceEmmanuel Petit
72.7%
FrancePatrick Vieira
67.6%
FranceYouri Djorkaeff
66%
ItaliePaolo Maldini
62.6%
FranceBernard Lama
62.5%
FranceChristophe Dugarry
62.2%
FranceFrank Leboeuf
60.5%
FranceNicolas Anelka
56.2%
ItalieFrancesco Toldo
53.9%
ItalieAlessandro Del Piero
52.7%
ItalieFrancesco Totti
52.3%
Equipe Joueur % Correct
ItalieAlessandro Nesta
50.6%
FranceVincent Candela
46.6%
ItalieFabio Cannavaro
44.5%
FranceChristian Karembeu
43.8%
FranceUlrich Ramé
33.9%
ItalieFilippo Inzaghi
32.4%
ItalieMarco Delvecchio
28.8%
FranceJohan Micoud
28.1%
ItalieStefano Fiore
15.1%
ItalieLuigi Di Biagio
14.1%
ItalieDemetrio Albertini
13.9%
ItalieAntonio Conte
12%
ItalieMassimo Ambrosini
11.8%
ItalieGianluca Pessotto
11.7%
ItalieVincenzo Montella
9.7%
ItalieAngelo Di Livio
6.9%
ItalieMark Iuliano
6.9%
ItalieChristian Abbiati
6.2%
ItalieCiro Ferrara
4.8%
ItaliePaolo Negro
2.6%
ItalieFrancesco Antonioli
2.2%
Remove Ads.
Support Sporcle.
Get the best of Sporcle when you Go Orange. This ad-free experience offers more features, more stats, and more fun while also helping to support Sporcle. Thank you for becoming a member.

You're not logged in!

Compare scores with friends on all Sporcle quizzes.
OR
Log In

Sporcle TV

Today on Sporcle TV


Watch our educational content, quiz creation guides, and fun videos on Sporcle TV.

Show Comments

Extras

Created Jun 30, 2020ReportNominate
Tags:Soccer Quiz

Top Quizzes Today


Score Distribution

Paid Content

Your Account Isn't Verified!

In order to create a playlist on Sporcle, you need to verify the email address you used during registration. Go to your Sporcle Settings to finish the process.

Report this User

Report this user for behavior that violates our Community Guidelines.

Details: